| 000 | 00535nam a2200217 a 4500 | ||
|---|---|---|---|
| 999 |
_c10249 _d10249 |
||
| 001 | 10249 | ||
| 003 | BD-JhCC | ||
| 005 | 20180421190340.0 | ||
| 008 | 180421s xxua|||| || | 000 0 eng d | ||
| 035 | _a(BD-JhCC)10249 | ||
| 040 |
_aBD-JhCC _dBD-JhCC |
||
| 041 | _aeng | ||
| 082 |
_a032 _bTUV 1960 |
||
| 100 | _aTuv, | ||
| 245 |
_aChildren's Britannica / _cTuv |
||
| 260 |
_aLondon : _bEncyclopaedia BritannicaLtd, _c1961. |
||
| 300 |
_a356 p. : _bill. ; _c26 cm. |
||
| 650 | _aEncyclopaedia | ||
| 942 |
_2ddc _cBK |
||